Belief in God in the 20th Century. (Record no. 8788)
[ view plain ]
| 000 -LEADER | |
|---|---|
| fixed length control field | 00591nam a2200241 a 4500 |
| 020 ## - INTERNATIONAL STANDARD BOOK NUMBER | |
| ISBN | 0960844 |
| 082 00 - DEWEY DECIMAL CLASSIFICATION NUMBER | |
| Classification number | 231 |
| Author Cutter | ELD |
| 100 ## - MAIN ENTRY--AUTHOR NAME | |
| Author name | Elder, John |
| 245 ## - TITLE STATEMENT | |
| Title | Belief in God in the 20th Century. |
| 260 ## - PUBLICATION, DISTRIBUTION, ETC. (IMPRINT) | |
| Place of publication | Indiana |
| Name of publisher | Ruth R. Elder |
| Year of publication | 1982 |
| 300 ## - PHYSICAL DESCRIPTION | |
| Number of Pages | 70p |
| 500 ## - GENERAL NOTE | |
| General note | includes index and biblioraphy |
| 505 2# - FORMATTED CONTENTS NOTE | |
| Formatted contents note | Bibliography |
| 650 ## - SUBJECT ADDED ENTRY--TOPICAL TERM | |
| Topical Term | God-Biblical Teaching |
| 942 ## - ADDED ENTRY ELEMENTS (KOHA) | |
| Koha item type | Books |
| 700 1# - | |
| -- | Elder, John |
| Collection code | Home library | Current library | Date acquired | Cost, normal purchase price | Full call number | Accession Number | Koha item type |
|---|---|---|---|---|---|---|---|
| Henry Martyn Institute Library | Henry Martyn Institute Library | 06/14/2007 | 100.00 | 231 ELD | 011689 | Books |
